000 00443nam a2200157 i 4500
001 71088
003 ES-MaACL
005 20230906171021.0
007 t|
008 040805s1966 sp ||||1| cat d
100 1 _aGassó i Carbonell, Lluis.
_955927
245 1 0 _aCançons en l'aire /
_cLluis Gassó y Carbonell.
260 _aBarcelona :
_b[s.n.,
_c1966] (
_fImp. Tasis)
300 _a88 p. ;
_c15 cm.
852 _aES-MaACL
_jC-32883
_bR.63509
999 _c71088
_d71088